00235 a2200109 4500001000700000020000600007040001100013100003100024240003300055245002800088362000900116167436 a  cMagnum aFernandez Enguita, Mariano10aA face oculta da escolalpor10aA face oculta da escola0 a1899